Statistics for Biggest Brazilian Cities Rank Ranking in Top 400

Click here to take the quiz!

General Stats

  • This quiz has been taken 45 times
    (42 since last reset)
  • The average score is 12 of 19

Answer Stats

RankCity% Correct
21Rio De Janeiro
100%
111Salvador
100%
4Sao Paulo
100%
84Brasilia
97%
212Manaus
97%
61Belo Horizonte
95%
103Fortaleza
95%
208Belem
90%
100Recife
90%
102Porto Alegre
85%
136Campinas
62%
119Curitiba
59%
175Goiania
59%
370Joao Pessoa
41%
389Maceio
41%
394Joinville
23%
258Baixada Santista
3%
345Grande Sao Luis
0%
235Grande Vitoria
0%

Score Distribution

Percentile by Number Answered

Percent of People with Each Score

Your Score History

You have not taken this quiz since the last reset